Samastigata arthanititattwa parichay (Record no. 10831)

MARC details
000 -LEADER
fixed length control field 00583cam a2200217ua 4500
001 - CONTROL NUMBER
control field 12061
005 - DATE AND TIME OF LATEST TRANSACTION
control field 20260515114832.0
008 - FIXED-LENGTH DATA ELEMENTS--GENERAL INFORMATION
fixed length control field 200212n ii |||gr||||Z||||||asm
020 ## - INTERNATIONAL STANDARD BOOK NUMBER
International Standard Book Number 9789382976615
040 ## - CATALOGING SOURCE
Transcribing agency MAIN
041 ## - LANGUAGE CODE
Language code of text/sound track or separate title asm
082 ## - DEWEY DECIMAL CLASSIFICATION NUMBER
Classification number 339
100 ## - MAIN ENTRY--PERSONAL NAME
Personal name Bornali Konwar Baruah,
Relator term Author.
245 ## - TITLE STATEMENT
Title Samastigata arthanititattwa parichay
Statement of responsibility, etc. By Bornali Konwar Baruah
250 ## - EDITION STATEMENT
Edition statement 1st ed.
260 ## - PUBLICATION, DISTRIBUTION, ETC.
Place of publication, distribution, etc. Golaghat:
Name of publisher, distributor, etc. Saraswati prakashan,
Date of publication, distribution, etc. 2020.
300 ## - PHYSICAL DESCRIPTION
Extent 180p.
653 ## - INDEX TERM--UNCONTROLLED
Uncontrolled term Macroeconomics & related topics
653 ## - INDEX TERM--UNCONTROLLED
Uncontrolled term Introductory macroeconomics
942 ## - ADDED ENTRY ELEMENTS (KOHA)
Koha item type Books
Holdings
Withdrawn status Lost status Damaged status Not for loan Home library Current library Shelving location Date acquired Total checkouts Full call number Barcode Date last seen Date last checked out Copy number Price effective from Koha item type
        Naharkatiya College Library Naharkatiya College Library General stacks 09/19/2020 27 339oBAR 28242 06/14/2025 05/17/2025 1 09/19/2020 Books
        Naharkatiya College Library Naharkatiya College Library General stacks 09/19/2020 3 339oBAR 28243 02/08/2022 01/25/2022 2 09/19/2020 Books
        Naharkatiya College Library Naharkatiya College Library General stacks 09/19/2020 21 339oBAR 28244 04/24/2026 04/17/2026 3 09/19/2020 Books
        Naharkatiya College Library Naharkatiya College Library General stacks 09/19/2020 17 339oBAR 28245 05/22/2025 05/07/2025 4 09/19/2020 Books
        Naharkatiya College Library Naharkatiya College Library General stacks 09/19/2020 24 339oBAR 28246 03/06/2026 02/11/2026 5 09/19/2020 Books